La república / (Registro nro. 975)

000 -CABECERA
campo de control de longitud fija 00909nam a2200289 a 4500
001 - NÚMERO DE CONTROL
campo de control 000015891
005 - FECHA Y HORA DE LA ÚLTIMA TRANSACCIÓN
campo de control 20200120221950.0
008 - DATOS DE LONGITUD FIJA--INFORMACIÓN GENERAL
campo de control de longitud fija 001120s1998 col0 gr0 000 d
020 ## - NÚMERO INTERNACIONAL ESTÁNDAR DEL LIBRO
Número Internacional Estándar del Libro 958-30-0123-6
082 04 - NÚMERO DE LA CLASIFICACIÓN DECIMAL DEWEY
Número de clasificación 184
Número de documento/Ítem P51re
100 0# - ENTRADA PRINCIPAL--NOMBRE DE PERSONA
Nombre de persona Platón
245 13 - MENCIÓN DE TÍTULO
Título La república /
Mención de responsabilidad, etc. Platón; traducción de: José Tomás y García; edición: Gabriel Silva Rincón.
250 ## - MENCIÓN DE EDICIÓN
Mención de edición 5a. ed.
260 ## - PUBLICACIÓN, DISTRIBUCIÓN, ETC.
Lugar de publicación, distribución, etc. Santafé de Bogotá :
Nombre del editor, distribuidor, etc. Panamericana,
Fecha de publicación, distribución, etc. 1998.
300 ## - DESCRIPCIÓN FÍSICA
Extensión 421 p.
490 #0 - MENCIÓN DE SERIE
Mención de serie Filosofía & política
500 ## - NOTA GENERAL
Nota general Ej.1 a Ej.4 de Marichuela donados por la SED
500 ## - NOTA GENERAL
Nota general Ej.1 de Mosquera donado por la Biblioteca Nacional - PNLB 2012.
650 14 - PUNTO DE ACCESO ADICIONAL DE MATERIA--TÉRMINO DE MATERIA
Término de materia o nombre geográfico como elemento de entrada CIENCIAS POLITICAS
650 14 - PUNTO DE ACCESO ADICIONAL DE MATERIA--TÉRMINO DE MATERIA
Término de materia o nombre geográfico como elemento de entrada ESTADO
650 14 - PUNTO DE ACCESO ADICIONAL DE MATERIA--TÉRMINO DE MATERIA
Término de materia o nombre geográfico como elemento de entrada FILOSOFIA GRIEGA
650 14 - PUNTO DE ACCESO ADICIONAL DE MATERIA--TÉRMINO DE MATERIA
Término de materia o nombre geográfico como elemento de entrada PLATON 428 - 347 A.C.
650 14 - PUNTO DE ACCESO ADICIONAL DE MATERIA--TÉRMINO DE MATERIA
Término de materia o nombre geográfico como elemento de entrada PLATONISMO
650 14 - PUNTO DE ACCESO ADICIONAL DE MATERIA--TÉRMINO DE MATERIA
Término de materia o nombre geográfico como elemento de entrada POLITICA
700 1# - PUNTO DE ACCESO ADICIONAL--NOMBRE DE PERSONA
Nombre de persona Tomás y García, José., tr.
700 1# - PUNTO DE ACCESO ADICIONAL--NOMBRE DE PERSONA
Nombre de persona Silva Rincón, Gabriel, ed.
Existencias
Estado de retiro Estado de pérdida Fuente del sistema de clasificación o colocación Estado dañado No para préstamo Código de colección Localización permanente Ubicación/localización actual Fecha de adquisición Número de inventario Total de préstamos Renovaciones totales Signatura topográfica completa Código de barras Fecha visto por última vez Fecha del último préstamo Número de copia Precio válido a partir de Tipo de ítem Koha Nota pública
          Colección General Biblioteca Pública San Juan Bosco Biblioteca Pública San Juan Bosco 20/01/2020 104390 10 6 184 P51re MOS000375 09/05/2026 29/04/2026 ej.1 20/01/2020 Libro Ocho días

© Todos los derechos reservados para la Biblioteca Pública Municipal San Juan Bosco, 2020
Secretaria de Cultura de Mosquera
Carrera 3 N° 10 Esquina Centro Cultural Barrio El Carmén Teléfono: 8270830 Ext: 34
Funcionando con KOHA
Contacto: Biblioteca Pública Municipal San Juan Bosco/ bibliotecasanjuanbosco@mosquera-cundinamarca.gov.co
Mosquera, Cundinamarca